书目信息 |
| 题名: |
最新详解《简明英美编目规则,第二版,1988修订本》
|
|
| 作者: | 吴龙涛 , 吴建明翻译·解释·补充 ;上海图书馆 编 | |
| 分册: | ||
| 出版信息: | 上海 上海科学技术文献出版社 1998 |
|
| 页数: | 113页 | |
| 开本: | 26cm | |
| 丛书名: | ||
| 单 册: | ||
| 中图分类: | G254.31 | |
| 科图分类: | ||
| 主题词: | 图书馆学 , 图书馆事业 | |
| 电子资源: | ||
| ISBN: | 7-5439-1279-1 | |
| 000 | 00890nam0 2200229 450 | |
| 001 | 0763136440 | |
| 005 | 20070728161910.12 | |
| 010 | @a7-5439-1279-1@dCNY20.00 | |
| 100 | @a20070725d1998 km y0chiy0120 ea | |
| 101 | 0 | @achi |
| 102 | @aCN@b310000 | |
| 200 | 1 | @a最新详解《简明英美编目规则,第二版,1988修订本》@Azui xin xiang jie《jian ming ying mei bian mu gui ze,di er ban,1988 xiu ding ben》@f吴龙涛,吴建明翻译·解释·补充@Fwu long tao,wu jian ming fan yi·jie shi·bu chong@g上海图书馆[编]@Gshang hai tu shu guan[bian] |
| 210 | @a上海@c上海科学技术文献出版社@d1998 | |
| 215 | @a113页@d26cm | |
| 606 | 0 | @a图书馆学 |
| 606 | 0 | @a图书馆事业 |
| 690 | @aG254.31@v3 | |
| 701 | 0 | @a吴龙涛@Awu long tao |
| 701 | 0 | @a吴建明翻译·解释·补充@Awu jian ming fan yi·jie shi·bu chong |
| 702 | 0 | @a上海图书馆@Ashang hai tu shu guan@4编 |
| 801 | 0 | @aCN@bPFT@c20070728 |
| 905 | @a10447@dG254.31@e99 | |
| 最新详解《简明英美编目规则,第二版,1988修订本》/吴龙涛,吴建明翻译·解释·补充/上海图书馆[编].-上海:上海科学技术文献出版社,1998 |
| 113页;26cm |
| ISBN 7-5439-1279-1:CNY20.00 |
| ● |
| 相关链接 |
|
|
|
|
正题名:最新详解《简明英美编目规则,第二版,1988修订本》
索取号:G254.31/99
 
预约/预借
| 序号 | 登录号 | 条形码 | 馆藏地/架位号 | 状态 | 备注 |
| 1 | 0784485 | 207844859 | 第四借阅区/ [索取号:G254.31/99] | 在馆 | |
| 2 | 0784486 | 207844868 | 第四借阅区/ [索取号:G254.31/99] | 在馆 |